Le réseau de métro de Paris en 1918 (Histoire du métro) - Statistiques

Statistiques générales
  • Ce quiz a été pris 10 fois
  • Le résultat moyen est 8 sur 22
Statistiques - réponses
Ligne Terminus % Correct
2 Nation
67%
6 Nation
67%
1 Porte de Vincennes
67%
5 Etoile
56%
6 Place d'Italie
56%
4 Porte de Clignancourt
56%
A Porte de Versailles
56%
1 Porte Maillot
56%
2 Porte Dauphine
44%
7 Porte de la Villette
44%
B Porte de Clichy
33%
B Porte de Saint-Ouen
33%
4 Porte d'Orléans
33%
B Saint-Lazare
33%
5 Gare du Nord
22%
A Porte de la Chapelle
22%
7 Pré Saint-Gervais
22%
3 Gambetta
11%
8 Opéra
11%
7 Palais Royal
11%
3 Porte de Champerret
11%
8 Porte d'Auteuil
0%
Aucun quiz correspondant
Distribution des résultats
% des personnes avec chaque résultat
Percentile par nombre de réponses
Votre historique - résultats
Vous n’avez pas pris ce quiz